| 000 | 00614nam a22002057a 4500 | ||
|---|---|---|---|
| 003 | 0 | ||
| 005 | 20251113104111.0 | ||
| 008 | 251113b xxu||||| |||| 00| 0 eng d | ||
| 020 | _a0-14-028277-7 | ||
| 050 |
_aPS 3573 _b.W35 1998 |
||
| 100 |
_aWallace, Daniel, _eauthor. |
||
| 245 |
_aBig fish : _ba novel of mythic proportions / _cDaniel Wallace. |
||
| 260 |
_aNew York, NY : _bPenguin Books, _c1998. |
||
| 300 |
_ax, 180 pages ; _c20 cm. |
||
| 650 |
_aFathers and sons _xFiction. |
||
| 650 |
_aStorytelling _xFiction. |
||
| 650 | _aMagic realism (Literature). | ||
| 650 |
_aAlabama _xFiction. |
||
| 942 |
_2lcc _cBK |
||
| 999 |
_c368616 _d368616 |
||